Danny the champion of the world
| Main Author: | |
|---|---|
| Other Authors: | |
| Format: | Book |
| Published: |
UK :
Puffin Books ,
2016
|
| Subjects: |
MARC
| LEADER | 00000cam a2200000 7i4500 | ||
|---|---|---|---|
| 001 | 0000236830 | ||
| 005 | 20190912.0 | ||
| 020 | |a 9780141371375 | ||
| 090 | 0 | 0 | |a JF |b DAH |
| 100 | 1 | |a Dahl, Roald | |
| 245 | 1 | 0 | |a Danny the champion of the world |c Roald Dahl ; illustrated by Quentin Blake |
| 260 | |a UK : |b Puffin Books , |c 2016 | ||
| 300 | |a 213p. ; |c 20cm. | ||
| 650 | 0 | |a Children's stories | |
| 700 | 1 | |a Blake, Quentin | |
| 999 | |a 00368438 |b BUKU |c PINJAMAN |e PERPUSTAKAAN KOMUNITI PETALING JAYA | ||